000 01242nam a22003257a 4500
001 0008560
003 KOHA_MİRAKIL
005 20260207001639.0
007 ta
008 091009b2003 tu |||gr||||#||||0|tur |
020 _a9751616158
_cTL10
040 _aTR-BiSEU
_btur
_cTR-BiSEU
_erda
041 0 _atur
044 _ctu
050 _aZ6621.M49
_bM48 2003
245 0 _aMevlânâ Müzesi Abdülbâkî Gölpınarlı Kütüphanesi yazma kitaplar kataloğu/
_ceditör Abdülbâkî Gölpınarlı.
264 1 _aAnkara :
_bAtatürk Kültür, Dil ve Tarih Yüksek Kurumu Türk Tarih Kurumu
_c2003
300 _aXX, 310 sayfa; 28 cm.
336 _ametin
_btxt
_2rdacontent
337 _aaracısız
_bn
_2rdamedia
338 _acilt
_bnc
_2rdacarrier
490 1 _aAtatürk Kültür, Dil ve Tarih Yüksek Kurumu Türk Tarih Kurumu yayınları XII.
490 1 _adizi ;
_vsayı 9.
500 _aDizin var.
650 0 _aMevlana Müzesi (Konya, Türkiye). Abdülbâkî Gölpınarlı. Kütüphanesi--Kataloglar.
_921418
650 0 _aEl yazmaları--Türkiye--Kataloglar.
_921408
830 1 _aAtatürk Kültür, Dil ve Tarih Yüksek Kurumu Türk Tarih Kurumu yayınları XII.
_921419
830 1 _adizi ;
_vsayı 9.
_910357
942 _2lcc
_cBK
999 _c8532
_d8532